000 00428nam a2200169Ia 4500
003 GCL
008 140319s9999 xx 000 0 eng d
040 _aGCL /
_cGCL
082 0 4 _a582.130.41
_bN N
100 1 _aNIJJAR, G. S.
245 1 0 _aNUTRITION OF FRUIT TREES /
_cNIJJAR, G. S.
260 _a[S.N] :
_bKALYANI PUBLISHERS ،
_c1990
300 _a311\P
650 0 4 _aNUTRITION
650 0 4 _aFRUIT TREES
942 _2ddc
_cBK
999 _c20045
_d20045